000 00434nam a2200193Ia 4500
005 20250923145741.0
008 008 250917s9999 xx 000 0 eng d
037 _aPeriodicals
040 _aDSWL
_beng
_cDSWL
041 _aeng
_2eng
084 _qDSWL
245 0 _aEconomic and political weekly
260 _c1982
365 _aINR
_b10
490 _vVol.17
925 _g10
942 _cCR
999 _c1455226
_d1455226